000 00896nam a2200265Ia 4500
003 GCL
008 140319s9999 xx 000 0 ara d
040 _aGCL /
_cGCL
082 0 4 _a320.54
_bا ا
100 1 _aمركز دراسات الوحدة العربية
245 1 0 _aابحاث مختارة فى القومية العربية /
_cمركز دراسات الوحدة العربية
700 1 _aابوخلدون ساطع الحصرى
260 _a[S.N] :
_bدار المستقبل العربى ،
_c1985
300 _a464 ص
490 _aسلسلة التراث القومى
_v0
650 0 4 _aمصر
650 0 4 _aالعالم العربى
650 0 4 _aتاريخ
650 0 4 _aالقومية
650 0 4 _aالوحدة العربية
650 0 4 _aالقومية العربية
650 0 4 _aالوحدة الاسلامية
650 0 4 _aاوربا
942 _2ddc
_cBK
999 _c34743
_d34743